000 00911nam a2200289 i 4500
005 20260322212005.0
008 data
010 _a 78071704
020 _a0895770598
020 _a9780895770592
040 _aDLC
_cDLC
_dDLC
050 0 0 _aTT750
_b.R38
082 0 0 _a746
092 _a746 R38 1979
245 1 0 _aReader's Digest Complete guide to needlework /
_cVirginia Colton & Reader's Digest Association.
260 _aPleasantville, N.Y. :
_bReader's Digest Association,
_cc1979.
300 _a504 p. :
_bill. (some col.) ;
_c22 x 26 cm.
500 _aIncludes index.
650 0 _aNeedlework.
700 1 _aColton, Virginia.
710 2 _aReader's Digest Association.
740 _aComplete guide to needlework.
906 _a7
_bcbc
_corignew
_d2
_eopcn
_f19
_gy-gencatlg
991 _bc-GenColl
_hTT750
_i.R38
_tCopy 1
_wBOOKS
991 _bc-GenColl
_hTT750
_i.R38
_p00017002193
_tCopy 2
_wCCF
001 data
999 _c84
_d84